| 000 | 00597cam a2200193 a 4500 | ||
|---|---|---|---|
| 020 | _a9781841695402 | ||
| 040 |
_aDLC _cDLC _dDLC |
||
| 082 | 0 | 0 |
_a153 _222 |
| 100 | 1 | _aEysenck, Michael W. | |
| 245 | 1 | 0 |
_aCognitive psychology : A student's handbook _cMichael W. Eysenck, Mark T. Keane. |
| 250 | _a6th ed. | ||
| 260 |
_aHove, Eng. ; _aNew York : _bPsychology Press, _c2010. |
||
| 300 |
_avii, 752 p. : _bcol. ill. ; _c25 cm. |
||
| 504 | _aIncludes bibliographical references and indexes. | ||
| 650 | 0 | _aCognition | |
| 650 | 0 | _aCognitive psychology | |
| 700 | 1 | _aKeane, Mark T., | |
| 942 |
_2ddc _cBK |
||
| 999 |
_c11400 _d11400 |
||